La decisin̤ electoral. Votantes, partidos y democracia. Mx̌ico

Bibliographic Details
Main Author: Moreno, Alejandro
Format: eBook
Language:Spanish
Published: Ciudad de Mx̌ico: Cm̀ara de Diputados, 2009
Subjects:
Online Access:Acceso restringido

MARC

LEADER 00000nam a22000007a 4500
005 20171030174452.0
007 cr|||| ||||
008 171030s2009 mx |||||s|||| 00||0 spa d
020 |a 978-607-401-127-2 
035 |a 20781 
040 |a vLex 
090 |c 7162  |d 7162 
100 1 |a Moreno, Alejandro 
245 1 2 |a La decisin̤ electoral. Votantes, partidos y democracia. Mx̌ico  |h [Recurso electrn̤ico] /  |c Alejandro Moreno  
256 |a Servicio en ln̕ea 
260 |a Ciudad de Mx̌ico:  |b Cm̀ara de Diputados,  |c 2009 
300 |a 1 recurso electrn̤ico 
506 1 |a Disponible solo en los productos indicados  |d vLex Global  |d vLex Global (Academic Edition, excluding Law Schools)  |d vLex Global (U.S. Academic Edition, Law Schools)  |d vLex Global (U.S. Academic Edition, excluding Law Schools)  |d vLex Global (Academic Edition, Law Schools) 
650 0 4 |a Rǧimen electoral  |z Mx̌ico 
740 0 |a vLex Libros (Servicio en ln̕ea) 
856 4 0 |u http://vlex.com/source/decision-electoral-votantes-partidos-democracia-mexico-20781  |z Acceso restringido 
942 |c BOOK 
999 0 |a Elecoral regime